[Event "Barcelona Primavera La Lira op 9th"]
[Site "Barcelona"]
[Date "2016.05.12"]
[Round "6"]
[White "Valls Acero, Xavier"]
[Black "Gomez Fernandez, Miquel"]
[Result "0-1"]
[WhiteElo "1400"]
[BlackElo "1621"]
[PlyCount "90"]
[EventDate "2016.04.07"]
[EventType "swiss"]
[EventRounds "9"]
[EventCountry "ESP"]
[SourceTitle "CBM 172 Extra"]
[Source "ChessBase"]
[SourceDate "2016.06.21"]
[SourceVersion "1"]
[SourceVersionDate "2016.06.21"]
[SourceQuality "1"]

1. e4 c5 2. Nf3 Nc6 3. Bc4 e6 4. Nc3 d6 5. a3 Be7 6. d4 cxd4 7. Nxd4 Nxd4 8. Qxd4 Bf6 9. Qd3 Ne7 10. Be3 a6 11. 0-0-0 b5 12. Ba2 Bb7 13. Bf4 e5 14. Be3 Nc8 15. Bd5 Rb8 16. Bxb7 Rxb7 17. Nd5 Bg5 18. Kb1 Bxe3 19. Nxe3 Rd7 20. c4 Qb6 21. cxb5 axb5 22. Rc1 0-0 23. Rc2 b4 24. Nd5 Qb7 25. Nxb4 Nb6 26. Rhc1 Na4 27. b3 Nc5 28. Qc4 Qxe4 29. Qxe4 Nxe4 30. f3 Nc5 31. Kb2 h6 32. Rd1 Rb8 33. Rcd2 Rb6 34. Ka2 Ne6 35. Nd5 Rc6 36. a4 Nd4 37. Nb4 Rc3 38. Ka3 Rxb3+ 39. Ka2 Rxb4 40. f4 Rc7 41. fxe5 dxe5 42. a5 Ra4+ 43. Kb1 Rb7+ 44. Rb2 Rxb2+ 45. Kxb2 Rxa5 0-1

[Event "Barcelona Primavera La Lira op 9th"]
[Site "Barcelona"]
[Date "2016.04.21"]
[Round "3"]
[White "Agut Alvarez, Josep Lluis"]
[Black "Valls Acero, Xavier"]
[Result "1-0"]
[WhiteElo "1788"]
[BlackElo "1400"]
[PlyCount "67"]
[EventDate "2016.04.07"]
[EventType "swiss"]
[EventRounds "9"]
[EventCountry "ESP"]
[SourceTitle "CBM 172 Extra"]
[Source "ChessBase"]
[SourceDate "2016.06.21"]
[SourceVersion "1"]
[SourceVersionDate "2016.06.21"]
[SourceQuality "1"]

1. g3 e5 2. Bg2 Nf6 3. d3 d5 4. Nf3 Bd6 5. 0-0 h6 6. c4 dxc4 7. dxc4 Qe7 8. Nc3 c6 9. Qc2 0-0 10. b3 Nbd7 11. Nh4 Re8 12. Nf5 Qf8 13. Nxd6 Qxd6 14. e4 b6 15. Bb2 Bb7 16. Rad1 Qc7 17. Qe2 Rad8 18. Rd2 a6 19. Rfd1 b5 20. cxb5 cxb5 21. Rc1 Nc5 22. Nd5 Nxd5 23. exd5 Qd6 24. Ba3 Rc8 25. Rdc2 Bxd5 26. Bxc5 Rxc5 27. Rxc5 Bxg2 28. Kxg2 f6 29. Qe4 Qd2 30. Qd5+ Qxd5+ 31. Rxd5 Re6 32. Rd7 e4 33. Rcc7 g5 34. Rc8+ 1-0

[Event "Barcelona Primavera La Lira op 9th"]
[Site "Barcelona"]
[Date "2016.04.14"]
[Round "2"]
[White "Valls Acero, Xavier"]
[Black "Varela Cuadrado, Cesar M"]
[Result "0-1"]
[WhiteElo "1400"]
[BlackElo "1792"]
[PlyCount "48"]
[EventDate "2016.04.07"]
[EventType "swiss"]
[EventRounds "9"]
[EventCountry "ESP"]
[SourceTitle "CBM 172 Extra"]
[Source "ChessBase"]
[SourceDate "2016.06.21"]
[SourceVersion "1"]
[SourceVersionDate "2016.06.21"]
[SourceQuality "1"]

1. e4 d6 2. d4 Nf6 3. Nc3 g6 4. Nf3 Bg7 5. Bc4 0-0 6. Bg5 h6 7. Bf4 Bg4 8. h3 Bxf3 9. Qxf3 Nh5 10. Be3 Nc6 11. 0-0-0 e5 12. d5 Na5 13. Bd3 c5 14. g4 Nf4 15. Bxf4 exf4 16. Qxf4 Be5 17. Qxh6 Qf6 18. Qd2 Bf4 19. Qxf4 Qxf4+ 20. Rd2 a6 21. Ne2 Qf3 22. Ng3 c4 23. Bf1 c3 24. bxc3 Qxc3 0-1

[Event "Barcelona Sant Marti op-B 4th"]
[Site "Barcelona"]
[Date "2015.03.05"]
[Round "8"]
[White "Valls Acero, Xavier"]
[Black "Gonzalez Canovas, Sebastian"]
[Result "0-1"]
[WhiteElo "1700"]
[BlackElo "1849"]
[PlyCount "56"]
[EventDate "2015.01.15"]
[EventType "swiss"]
[EventRounds "9"]
[EventCountry "ESP"]
[SourceTitle "EXT 2016"]
[Source "ChessBase"]
[SourceDate "2015.10.08"]
[SourceVersion "1"]
[SourceVersionDate "2015.10.08"]
[SourceQuality "1"]

1. e4 c5 2. Nf3 d6 3. Bc4 e6 4. 0-0 Nc6 5. Nc3 a6 6. a3 g6 7. d4 cxd4 8. Nxd4 Bg7 9. Nxc6 bxc6 10. Qf3 Qc7 11. Bf4 Bb7 12. Rad1 Rd8 13. Rd3 Ne7 14. Rfd1 Nc8 15. Bg5 Rd7 16. Bf6 0-0 17. Bxg7 Kxg7 18. Qg4 Nb6 19. Ba2 d5 20. exd5 exd5 21. Ne2 Re7 22. Nf4 Re4 23. g3 Qe5 24. Kf1 Bc8 25. Qf3 h5 26. Ne2 Bg4 27. Qxe4 Qxe4 28. Re3 Qh1+ 0-1

[Event "Barcelona Sant Marti op-B 4th"]
[Site "Barcelona"]
[Date "2015.01.22"]
[Round "2"]
[White "Valls Acero, Xavier"]
[Black "Ani, Virgil"]
[Result "0-1"]
[WhiteElo "1700"]
[BlackElo "1806"]
[PlyCount "46"]
[EventDate "2015.01.15"]
[EventType "swiss"]
[EventRounds "9"]
[EventCountry "ESP"]
[SourceTitle "EXT 2016"]
[Source "ChessBase"]
[SourceDate "2015.10.08"]
[SourceVersion "1"]
[SourceVersionDate "2015.10.08"]
[SourceQuality "1"]

1. d4 e5 2. dxe5 Nc6 3. Nf3 Qe7 4. e4 Nxe5 5. Nxe5 Qxe5 6. Bd3 Nf6 7. f4 Qa5+ 8. Bd2 Qb6 9. b3 c6 10. e5 Nd5 11. c4 Ne7 12. Qf3 Qc7 13. 0-0 d5 14. Nc3 dxc4 15. Bxc4 Nf5 16. Rfe1 Nd4 17. Qe4 Bc5 18. Be3 Bf5 19. Nd5 cxd5 20. Qxd5 Rd8 21. Qxf7+ Qxf7 22. Bxf7+ Kxf7 23. Bxd4 Bxd4+ 0-1

[Event "Barcelona Sant Marti op-B 4th"]
[Site "Barcelona"]
[Date "2015.01.15"]
[Round "1"]
[White "Hinarejos Montano, Andres"]
[Black "Valls Acero, Xavier"]
[Result "1-0"]
[WhiteElo "1860"]
[BlackElo "1700"]
[PlyCount "113"]
[EventDate "2015.01.15"]
[EventType "swiss"]
[EventRounds "9"]
[EventCountry "ESP"]
[SourceTitle "EXT 2016"]
[Source "ChessBase"]
[SourceDate "2015.10.08"]
[SourceVersion "1"]
[SourceVersionDate "2015.10.08"]
[SourceQuality "1"]

1. f4 d5 2. Nf3 Nf6 3. e3 c5 4. Be2 Nc6 5. 0-0 g6 6. c3 Bg7 7. d3 0-0 8. Bd2 b6 9. h3 Bb7 10. d4 Ne4 11. Be1 c4 12. Nbd2 b5 13. Nxe4 dxe4 14. Ne5 e6 15. b3 Qd5 16. bxc4 bxc4 17. Bxc4 Qd8 18. Be2 Ne7 19. Bh4 Qc7 20. c4 Nf5 21. Bf2 Ba6 22. Qa4 Bb7 23. Rac1 h5 24. c5 Bd5 25. a3 Rfc8 26. Rb1 Rab8 27. g4 hxg4 28. hxg4 Nh6 29. Rxb8 Qxb8 30. Qc2 f6 31. Nxg6 Kf7 32. Nh4 f5 33. g5 Ng8 34. Rb1 Qc7 35. Bh5+ Ke7 36. Ng6+ Kd7 37. Be1 Ne7 38. Nh4 Rh8 39. Be2 Nc6 40. Bb5 Bxd4 41. Ng2 Bxe3+ 42. Nxe3 Qxf4 43. Qf2 Qxg5+ 44. Qg3 Qxg3+ 45. Bxg3 Rg8 46. Kf2 Ke7 47. Nxd5+ exd5 48. Bxc6 d4 49. Rb7+ Ke6 50. Bd7+ Kd5 51. c6 e3+ 52. Kf3 d3 53. Rb5+ Kd4 54. Be5+ Kc4 55. Rb4+ Kc5 56. Kxe3 Rg3+ 57. Bxg3 1-0

[Event "Barcelona Primavera La Lira op 7th"]
[Site "Barcelona"]
[Date "2014.04.03"]
[Round "1"]
[White "Massanet Miret, Pere"]
[Black "Valls Acero, Xavier"]
[Result "1-0"]
[WhiteElo "1712"]
[BlackElo "1700"]
[PlyCount "51"]
[EventDate "2014.04.03"]
[EventType "swiss"]
[EventRounds "9"]
[EventCountry "ESP"]
[SourceTitle "EXT 2015"]
[Source "ChessBase"]
[SourceDate "2014.11.20"]
[SourceVersion "1"]
[SourceVersionDate "2014.11.20"]
[SourceQuality "1"]

1. d4 Nf6 2. Nf3 d5 3. Bf4 c6 4. e3 Bg4 5. Nbd2 e6 6. Be2 Bd6 7. Ne5 Bxe2 8. Qxe2 h6 9. h3 Nbd7 10. Nxf7 Kxf7 11. Bxd6 Qb6 12. b3 c5 13. dxc5 Nxc5 14. Bxc5 Qxc5 15. 0-0 Qxc2 16. Rfc1 Qb2 17. Rc7+ Kf8 18. Qe1 b6 19. Nf3 Qa3 20. Qc3 Ne4 21. Qxg7+ Ke8 22. Qxh8+ Qf8 23. Qxf8+ Kxf8 24. Rac1 b5 25. Nd4 b4 26. Nxe6+ 1-0